[Event "Ch. de Provence 2007"]
[Site "?"]
[Date "2007.01.27"]
[Round "1"]
[White "Dimitrov, Christo"]
[Black "Deleau, Denis"]
[Result "1-0"]
[WhiteElo "2259"]
[BlackElo "2109"]
[PlyCount "133"]
[EventDate "2007.??.??"]

1. e4 e5 2. Nf3 Nc6 3. Bc4 Nf6 4. d3 d5 5. exd5 Nxd5 6. O-O Bc5 7. Re1 O-O 8.
Bb5 Nd4 9. Nxd4 Bxd4 10. c3 Bb6 11. Qf3 c6 12. Bc4 Qh4 13. Re4 Qd8 14. Rxe5 Bc7
15. Re1 Qh4 16. g3 Bg4 17. gxh4 Bxf3 18. Nd2 Bg4 19. Ne4 Rad8 20. d4 Nf4 21.
Bxf4 Bxf4 22. Kg2 h6 23. Ng3 Rfe8 24. f3 Bd7 25. Re4 Bc7 26. Rae1 b5 27. Bd3
Kf8 28. Rxe8+ Rxe8 29. Re4 g6 30. Kf2 Rxe4 31. fxe4 Bf4 32. b3 Bd2 33. c4 bxc4
34. bxc4 Bg4 35. Be2 Bd7 36. h5 g5 37. Nf1 Bf4 38. Kg2 f5 39. Kf3 Bc7 40. exf5
Bxf5 41. Ng3 Bb1 42. a3 Ke7 43. c5 Ba2 44. Bd3 Bf7 45. Kg4 Be6+ 46. Bf5 Bd5 47.
Bc8 Kf6 48. h3 Bb3 49. Ne4+ Ke7 50. Kf5 Bc2 51. Ba6 Kf7 52. Bc4+ Kg7 53. Be2 a5
54. Bf3 Kf7 55. Kg4 Ke6 56. Ng3 Kd7 57. Nf5 Bf4 58. d5 cxd5 59. Bxd5 Bc1 60.
Nxh6 Bxa3 61. c6+ Kc7 62. Nf7 Bf8 63. h6 Bg6 64. Ne5 Bc2 65. Kxg5 Be7+ 66. Kf4
Bd6 67. Be4 1-0

[Event "Ch. de Provence 2007"]
[Site "?"]
[Date "2007.01.27"]
[Round "1"]
[White "Rosso, Marco"]
[Black "Milesi, Laurent"]
[Result "1/2-1/2"]
[WhiteElo "2008"]
[BlackElo "2087"]
[PlyCount "39"]
[EventDate "2007.??.??"]

1. d4 e6 2. c4 b6 3. g3 Bb7 4. Nf3 f5 5. Bg2 Nf6 6. Nc3 Bb4 7. O-O O-O 8. a3
Bxc3 9. bxc3 h6 10. a4 a5 11. Ba3 d6 12. c5 Ne4 13. cxd6 cxd6 14. Qb3 Re8 15.
Rfd1 Qc7 16. Rac1 Nd7 17. c4 Rac8 18. Nd2 Nxd2 19. Rxd2 Bxg2 20. Kxg2 1/2-1/2

[Event "Ch. de Provence 2007"]
[Site "?"]
[Date "2007.01.27"]
[Round "1"]
[White "Hulin, Jerome"]
[Black "Chauvet, Jean-Marc"]
[Result "1-0"]
[WhiteElo "2085"]
[BlackElo "1995"]
[PlyCount "67"]
[EventDate "2007.??.??"]

1. d4 e6 2. c4 f5 3. Nf3 Nf6 4. g3 Be7 5. Bg2 O-O 6. O-O d6 7. b3 Qe8 8. Bb2
Nbd7 9. Nbd2 Bd8 10. Qc2 Qh5 11. Rae1 c6 12. e4 fxe4 13. Nxe4 Nxe4 14. Qxe4 Nf6
15. Qd3 Ng4 16. h3 Nh6 17. c5 d5 18. Bc1 Qf5 19. Qd1 Nf7 20. Bf4 g5 21. Bd6
Nxd6 22. cxd6 Bf6 23. Ne5 Bxe5 24. Rxe5 Qg6 25. Qd2 Rf5 26. f4 g4 27. hxg4 Qxg4
28. Kf2 Rxe5 29. dxe5 Bd7 30. Rh1 c5 31. Bf1 Be8 32. Rh4 Qg7 33. Bh3 Bd7 34.
Rg4 1-0

[Event "Ch. de Provence 2007"]
[Site "?"]
[Date "2007.02.03"]
[Round "1"]
[White "Tonnaire, Christophe"]
[Black "Jean, Claude"]
[Result "1-0"]
[WhiteElo "2036"]
[BlackElo "2201"]
[PlyCount "95"]
[EventDate "2007.??.??"]

1. e4 c5 2. Nf3 d6 3. d4 cxd4 4. Nxd4 Nf6 5. Nc3 a6 6. Be3 e5 7. Nb3 Be7 8. Be2
b5 9. Nd5 Nbd7 10. Nxe7 Qxe7 11. f3 O-O 12. Qd2 Nc5 13. Nxc5 dxc5 14. O-O-O Be6
15. Qd6 Qxd6 16. Rxd6 Rfc8 17. Rhd1 Kf8 18. Rb6 Ne8 19. a3 c4 20. f4 exf4 21.
Bxf4 Nf6 22. Bf3 Bg4 23. Rxf6 gxf6 24. Bxg4 Rd8 25. Rxd8+ Rxd8 26. Bc7 Re8 27.
Bf5 h5 28. Kd2 Ke7 29. Kc3 h4 30. Kd4 Rg8 31. Bh3 f5 32. exf5 f6 33. Kc5 Kd7
34. Ba5 Rc8+ 35. Kd5 Ke7 36. Bb4+ Kd7 37. Bg4 Rg8 38. h3 Re8 39. Bc3 Ke7 40.
Bb4+ Kd7 41. Bc3 Ke7 42. Be1 Rc8 43. Kd4 Rd8+ 44. Kc3 Rh8 45. Kb4 Kd6 46. Bc3
Rf8 47. Bf3 Kc7 48. Ka5 1-0

[Event "Ch. de Provence 2007"]
[Site "Marseille"]
[Date "2007.02.16"]
[Round "1"]
[White "Gravagna, Pierre"]
[Black "Fevat, Tristan"]
[Result "0-1"]
[WhiteElo "2054"]
[BlackElo "2086"]
[PlyCount "98"]
[EventDate "2007.??.??"]

1. d4 Nf6 2. Nf3 e6 3. c4 Bb4+ 4. Bd2 Qe7 5. g3 O-O 6. Bg2 Nc6 7. Nc3 d6 8. Qc2
Re8 9. O-O a5 10. a3 Bxc3 11. Bxc3 a4 12. e4 e5 13. d5 Nb8 14. c5 Nbd7 15. cxd6
cxd6 16. Bb4 Nc5 17. Bxc5 dxc5 18. Rac1 b6 19. Nd2 Ba6 20. Rfe1 Qd7 21. f4 exf4
22. gxf4 Qg4 23. f5 Nh5 24. Qd1 Qxd1 25. Rcxd1 Nf4 26. Bf1 Nd3 27. Bxd3 Bxd3
28. Kf2 f6 29. Ke3 c4 30. Kf4 g6 31. h4 Kf7 32. Nf3 Rad8 33. Nd4 Rd7 34. Re3
Rg8 35. Rg1 Re8 36. fxg6+ hxg6 37. Nc6 Rh8 38. Rg4 Re8 39. Nb4 Rxe4+ 40. Rxe4
Bxe4 41. Kxe4 f5+ 42. Kf4 fxg4 43. Kxg4 Kf6 44. Kf4 Rh7 45. Kg4 Ke5 46. Nc6+
Kd6 47. Nb4 b5 48. Kg3 Rh5 49. Kg4 Rf5 0-1

[Event "Ch. de Provence 2007"]
[Site "?"]
[Date "2007.01.27"]
[Round "2"]
[White "Chauvet, Jean-Marc"]
[Black "Tonnaire, Christophe"]
[Result "1/2-1/2"]
[WhiteElo "1995"]
[BlackElo "2036"]
[PlyCount "138"]
[EventDate "2007.??.??"]

1. e4 d5 2. exd5 Qxd5 3. Nc3 Qa5 4. d4 Nf6 5. Bd2 Bg4 6. Be2 Bxe2 7. Ngxe2 e6
8. O-O Qh5 9. Nf4 Qxd1 10. Raxd1 c6 11. Rfe1 Be7 12. Re2 Kd7 13. Nd3 Rd8 14.
Bg5 Na6 15. Ne5+ Ke8 16. Ne4 Nxe4 17. Bxe7 Kxe7 18. Rxe4 c5 19. c3 Rac8 20. Nf3
Kf8 21. Re2 c4 22. Rde1 Nc7 23. Ng5 h6 24. Ne4 b6 25. g3 Nd5 26. a3 Rb8 27. Kg2
a5 28. f4 b5 29. Rf2 b4 30. axb4 axb4 31. f5 exf5 32. Rxf5 bxc3 33. bxc3 f6 34.
Nc5 Kf7 35. Rf3 Rb2+ 36. Kh3 Rc2 37. Ne4 Kg6 38. Ra1 Rb8 39. Ra5 Ne7 40. Nd6
Rbb2 41. Nxc4 Rxh2+ 42. Kg4 h5+ 43. Kf4 Rbe2 44. Re3 Ref2+ 45. Ke4 Nf5 46. Rd3
Re2+ 47. Kd5 Rhg2 48. Kc5 Nxg3 49. Ne3 Rg1 50. d5 Ne4+ 51. Kd4 Nd6 52. Ra6 Nf7
53. Nc4 Rg4+ 54. Kc5 Ree4 55. Rd4 Rxd4 56. cxd4 h4 57. Ne5+ Nxe5 58. dxe5 h3
59. Ra3 fxe5 60. Rxh3 Rd4 61. Kd6 e4 62. Ke6 Rd3 63. Rh4 e3 64. Re4 Kh5 65. d6
g5 66. d7 g4 67. Re5+ Kg6 68. Re4 Kh5 69. Ke7 g3 1/2-1/2

[Event "Ch. de Provence 2007"]
[Site "?"]
[Date "2007.01.27"]
[Round "2"]
[White "Fevat, Tristan"]
[Black "Hulin, Jerome"]
[Result "1-0"]
[WhiteElo "2086"]
[BlackElo "2085"]
[PlyCount "91"]
[EventDate "2007.??.??"]

1. e4 Nc6 2. Nf3 d6 3. c3 Nf6 4. Qc2 Bg4 5. d4 e6 6. Bg5 Be7 7. Nbd2 d5 8. Bb5
Bxf3 9. gxf3 Nh5 10. Bxe7 Qxe7 11. O-O-O O-O 12. exd5 exd5 13. Qf5 Nf6 14. Rhg1
Nd8 15. Nf1 Ne6 16. Ne3 Rad8 17. Qe5 Ne8 18. Bxe8 Qxe8 19. Nxd5 Rxd5 20. Qxd5
Nf4 21. Qxb7 Ne2+ 22. Kd2 Nxg1 23. Rxg1 Qe6 24. Qxc7 Qxa2 25. Qb7 a5 26. Kd3
Re8 27. Qd7 Rf8 28. Qb5 Qe6 29. Qe5 Qa6+ 30. c4 g6 31. Ra1 Qb7 32. d5 a4 33. h4
Rd8 34. h5 Qb3+ 35. Qc3 Qb6 36. h6 f6 37. Qd4 Qb3+ 38. Qc3 Qb6 39. Rxa4 Kf7 40.
Rb4 Qxf2 41. Rb7+ Kg8 42. Qxf6 Qf1+ 43. Kc3 Qe1+ 44. Kb3 Qe3+ 45. Kb4 Qxh6 46.
Qxd8+ 1-0

[Event "Ch. de Provence 2007"]
[Site "?"]
[Date "2007.01.27"]
[Round "2"]
[White "Deleau, Denis"]
[Black "Jean, Claude"]
[Result "0-1"]
[WhiteElo "2109"]
[BlackElo "2201"]
[PlyCount "84"]
[EventDate "2007.??.??"]

1. e4 e5 2. Bc4 d6 3. Nc3 Nf6 4. d3 Be7 5. f4 exf4 6. Bxf4 Be6 7. Bb3 O-O 8.
Nf3 c6 9. O-O Bxb3 10. axb3 d5 11. e5 Nfd7 12. Qe2 Nc5 13. Nd4 Qd7 14. Be3 Ne6
15. Nxe6 Qxe6 16. Rxa7 Rxa7 17. Bxa7 Nd7 18. Re1 b6 19. Na4 Ra8 20. Bxb6 Nxb6
21. Nxb6 Bc5+ 22. Kh1 Bxb6 23. h3 g6 24. c3 c5 25. Rf1 Re8 26. Qf2 d4 27. c4
Re7 28. Re1 Ba5 29. Re4 Bb4 30. Kh2 Ba5 31. Kh1 Qf5 32. Qe2 Bc7 33. g4 Qd7 34.
Qe1 Qe8 35. Kg2 Qa8 36. Kf2 Qb8 37. b4 cxb4 38. Kf1 Rxe5 39. b3 Qe8 40. Rxe5
Qxe5 41. Qxb4 Qe3 42. Qb7 Bg3 0-1

[Event "Ch. de Provence 2007"]
[Site "?"]
[Date "2007.01.27"]
[Round "2"]
[White "Milesi, Laurent"]
[Black "Gravagna, Pierre"]
[Result "1/2-1/2"]
[WhiteElo "2087"]
[BlackElo "2054"]
[PlyCount "93"]
[EventDate "2007.??.??"]

1. e4 c5 2. Nf3 d6 3. d4 cxd4 4. Nxd4 Nf6 5. Nc3 a6 6. Bc4 e6 7. Bb3 Nbd7 8. f4
Nc5 9. Qf3 Qc7 10. O-O Be7 11. Be3 b5 12. f5 e5 13. Nde2 Nxb3 14. cxb3 Bb7 15.
Ng3 b4 16. Nd5 Bxd5 17. exd5 O-O 18. Nh5 e4 19. Nxf6+ Bxf6 20. Qxe4 Rfe8 21.
Qd3 Bxb2 22. Rad1 Qc3 23. Bd4 Qxd4+ 24. Qxd4 Bxd4+ 25. Rxd4 a5 26. Rc1 Rac8 27.
Rc6 Kf8 28. Rdc4 Rxc6 29. Rxc6 Re2 30. Rxd6 Ke7 31. Ra6 Rxa2 32. h3 Ra3 33. Kh2
Kd7 34. g4 Kc7 35. d6+ Kd7 36. h4 Rxb3 37. Rxa5 Kxd6 38. Ra7 Re3 39. f6 gxf6
40. Rxf7 b3 41. Rxf6+ Ke5 42. Rb6 Rc3 43. g5 Rc2+ 44. Kg3 b2 45. h5 Kf5 46. g6
hxg6 47. hxg6 1/2-1/2

[Event "Ch. de Provence 2007"]
[Site "Meyreuil"]
[Date "2007.01.27"]
[Round "2"]
[White "Dimitrov, Christo"]
[Black "Rosso, Marco"]
[Result "1/2-1/2"]
[WhiteElo "2259"]
[BlackElo "2008"]
[PlyCount "67"]
[EventDate "2007.??.??"]

1. d4 d5 2. c4 c6 3. Nf3 Nf6 4. e3 g6 5. Bd3 Bg7 6. O-O O-O 7. Nbd2 Nbd7 8. Qe2
Re8 9. b3 e5 10. Nxe5 Nxe5 11. dxe5 Rxe5 12. Bb2 Re8 13. cxd5 Nxd5 14. Bxg7
Kxg7 15. Ne4 Bf5 16. Nc5 Bxd3 17. Qxd3 Qe7 18. Qc4 Rad8 19. e4 Nf4 20. g3 Ne6
21. Nxe6+ Qxe6 22. Qxe6 Rxe6 23. f3 Rd2 24. Rf2 Red6 25. Raf1 f6 26. Rxd2 Rxd2
27. Rf2 Rd1+ 28. Kg2 Kf7 29. Rc2 Ke6 30. Kf2 h5 31. Ke2 Rh1 32. Ke3 Re1+ 33.
Kf2 Rh1 34. Ke3 1/2-1/2

[Event "Ch. de Provence 2007"]
[Site "Meyreuil"]
[Date "2007.02.17"]
[Round "3"]
[White "Jean, Claude"]
[Black "Chauvet, Jean-Marc"]
[Result "0-1"]
[WhiteElo "2201"]
[BlackElo "1995"]
[PlyCount "72"]
[EventDate "2007.??.??"]

1. e4 e6 2. d4 d5 3. e5 c5 4. c3 Nc6 5. Nf3 Qb6 6. a3 f6 7. exf6 Nxf6 8. Bd3
Bd7 9. b4 cxd4 10. cxd4 Bd6 11. Bb2 O-O 12. O-O Rae8 13. Ne5 Re7 14. b5 Nd8 15.
Nc3 Nf7 16. Na4 Qa5 17. Bc3 Qc7 18. Qe1 Ne4 19. f4 Nxc3 20. Nxc3 Nh6 21. Qg3
Nf5 22. Bxf5 Rxf5 23. Qe3 Bxe5 24. dxe5 Qc4 25. Ne2 Bxb5 26. Nd4 Rf8 27. Rfd1
Qa4 28. Rdc1 Bc4 29. Rc3 a6 30. Rb1 Qe8 31. Rb6 Qh5 32. Rc1 Qg4 33. g3 g5 34.
fxg5 Qh3 35. Nf3 Ref7 36. Nd2 Rf1+ 0-1

[Event "Ch. de Provence 2007"]
[Site "Meyreuil"]
[Date "2007.02.17"]
[Round "3"]
[White "Rosso, Marco"]
[Black "Deleau, Denis"]
[Result "0-1"]
[WhiteElo "2008"]
[BlackElo "2109"]
[PlyCount "100"]
[EventDate "2007.??.??"]

1. d4 Nf6 2. c4 c5 3. d5 b5 4. Qc2 bxc4 5. e4 d6 6. Bxc4 g6 7. Bd2 Bg7 8. Bc3
O-O 9. Nf3 Nbd7 10. h3 Nb6 11. Be2 Bd7 12. Nbd2 Na4 13. O-O Nxc3 14. bxc3 Qa5
15. a4 Nh5 16. Rfc1 Nf4 17. Bf1 f5 18. Nc4 Qc7 19. Ne3 Bh6 20. Nh2 Nh5 21. exf5
Bxf5 22. Bd3 Bxd3 23. Qxd3 Nf4 24. Qc4 Bg7 25. Nd1 Qb7 26. Ne3 Qb2 27. Nd1 Qe2
28. Qxe2 Nxe2+ 29. Kf1 Nxc1 30. Rxc1 Rab8 31. Ng4 Rb3 32. Nge3 Rfb8 33. Ke2 Ra3
34. Kd3 Rxa4 35. Rc2 Rb1 36. Nb2 Ra2 37. Nbc4 Rxc2 38. Kxc2 Rg1 39. Na5 Kf7 40.
Nc6 a6 41. Nd8+ Ke8 42. Ne6 Bh6 43. Ng4 Bc1 44. Nc7+ Kd7 45. Ne6 h5 46. Nh2
Rxg2 47. Kxc1 Rxh2 48. Nf8+ Ke8 49. Nxg6 Rxh3 50. Kd2 Rf3 0-1

[Event "Ch. de Provence 2007"]
[Site "Isle sur la Sorgue"]
[Date "2007.02.18"]
[Round "3"]
[White "Tonnaire, Christophe"]
[Black "Fevat, Tristan"]
[Result "0-1"]
[WhiteElo "2036"]
[BlackElo "2086"]
[PlyCount "124"]
[EventDate "2007.??.??"]

1. e4 c5 2. Nf3 e6 3. d4 cxd4 4. Nxd4 a6 5. Nc3 b5 6. Be3 Bb7 7. Bd3 Qc7 8. O-O
Nf6 9. a3 Nc6 10. Nxc6 dxc6 11. f4 c5 12. e5 Nd5 13. Nxd5 Bxd5 14. c3 Rd8 15.
Qe2 Be7 16. a4 c4 17. Bc2 b4 18. Qf2 b3 19. Bb1 O-O 20. Bd4 g6 21. Qe3 Qc6 22.
Rf2 Rd7 23. a5 Rfd8 24. h3 Qb5 25. g4 Bb7 26. Be4 Bxe4 27. Qxe4 Bc5 28. Bxc5
Qxc5 29. Kg2 Rd3 30. Re1 Rxh3 31. Kxh3 Qxf2 32. Re2 Qf1+ 33. Kh4 Kg7 34. f5
exf5 35. gxf5 Qxf5 36. Qxf5 gxf5 37. Kg5 Rd5 38. Kxf5 f6 39. Rg2+ Kf7 40. Ke4
Rxe5+ 41. Kd4 Rxa5 42. Kxc4 Rb5 43. Kd4 a5 44. c4 Rb8 45. c5 a4 46. c6 Ke6 47.
Kc5 a3 48. c7 Rc8 49. Kc6 a2 50. Rg1 Ke5 51. Kd7 Ra8 52. c8=Q Rxc8 53. Kxc8 Kd4
54. Kd7 Kd3 55. Kc6 Kc2 56. Kb5 Kxb2 57. Kb4 a1=Q 58. Rg2+ Kb1 59. Rg1+ Ka2 60.
Rxa1+ Kxa1 61. Kxb3 h5 62. Kc3 h4 0-1

[Event "Ch. de Provence 2007"]
[Site "Isle sur la Sorgue"]
[Date "2007.02.02"]
[Round "3"]
[White "Gravagna, Pierre"]
[Black "Dimitrov, Christo"]
[Result "0-1"]
[WhiteElo "2054"]
[BlackElo "2259"]
[PlyCount "80"]
[EventDate "2007.02.02"]

1. d4 Nf6 2. Nf3 d5 3. c4 c6 4. Nc3 dxc4 5. a4 Bf5 6. e3 e6 7. Bxc4 Bb4 8. O-O
O-O 9. Qe2 Bg6 10. Ne5 Nbd7 11. Nxg6 hxg6 12. Rd1 Qa5 13. Qc2 Rac8 14. e4 e5
15. dxe5 Nxe5 16. Be2 Rfe8 17. Bf4 Rcd8 18. Na2 Bd6 19. b4 Qc7 20. Bg5 Ned7 21.
g3 Rxe4 22. Bf3 Ree8 23. Rac1 Nf8 24. b5 c5 25. Nc3 N8h7 26. Nd5 Qb8 27. Be3 b6
28. Ra1 Be5 29. Ra3 Nxd5 30. Rxd5 Nf6 31. Rxd8 Rxd8 32. Bg5 Rd4 33. Bxf6 gxf6
34. a5 Qd6 35. axb6 axb6 36. Ra2 c4 37. Bc6 f5 38. Kg2 f4 39. Ra4 fxg3 40. hxg3
Bxg3 0-1

[Event "Ch. de Provence 2007"]
[Site "?"]
[Date "2007.??.??"]
[Round "3"]
[White "Hulin, Jerome"]
[Black "Milesi, Laurent"]
[Result "1-0"]
[WhiteElo "2085"]
[BlackElo "2087"]
[PlyCount "53"]
[EventDate "2007.??.??"]

1. d4 b6 2. e4 Bb7 3. Bd3 e6 4. c4 f5 5. exf5 Bxg2 6. Qh5+ g6 7. fxg6 Bb4+ 8.
Nc3 Nf6 9. g7+ Ke7 10. Bg5 Bxc3+ 11. bxc3 Nc6 12. Bxf6+ Kxf6 13. gxh8=Q+ Qxh8
14. Qh4+ Kf7 15. Be4 Bxh1 16. Bxh1 Rg8 17. Qf4+ Ke8 18. Ne2 Na5 19. Qxc7 Qf6
20. O-O-O Qxf2 21. Qb8+ Ke7 22. Qxg8 Qxe2 23. Qg5+ Ke8 24. Qg8+ Ke7 25. Qxh7+
Kd8 26. Qh4+ Kc8 27. Qh8+ 1-0

[Event "Ch. de Provence 2007"]
[Site "Meyreuil"]
[Date "2007.03.25"]
[Round "4"]
[White "Deleau, Denis"]
[Black "Milesi, Laurent"]
[Result "0-1"]
[WhiteElo "2109"]
[BlackElo "2087"]
[PlyCount "74"]
[EventDate "2007.??.??"]

1. e4 b6 2. d4 Bb7 3. Nd2 e6 4. Ngf3 d5 5. Bd3 c5 6. c3 Nf6 7. e5 Nfd7 8. Qe2
Nc6 9. a3 Qc7 10. O-O Be7 11. b4 g5 12. Qe3 h6 13. h3 O-O-O 14. Bb2 c4 15. Bc2
Rdg8 16. Nh2 h5 17. Bd1 Nd8 18. f4 f6 19. Ba4 Bc6 20. Bxc6 Qxc6 21. f5 fxe5 22.
dxe5 exf5 23. Rxf5 Ne6 24. Rf7 Bd8 25. Ndf3 g4 26. hxg4 hxg4 27. Nd4 Nxd4 28.
cxd4 Qe6 29. Raf1 Kb8 30. g3 Rh3 31. R1f2 Rgh8 32. Nf1 Qg6 33. Rxd7 Rh1+ 34.
Kg2 Qh5 35. Rxd8+ Rxd8 36. Rf4 Qh3+ 37. Kf2 Qxf1# 0-1

[Event "Ch. de Provence 2007"]
[Site "Meyreuil"]
[Date "2007.03.25"]
[Round "4"]
[White "Rosso, Marco"]
[Black "Chauvet, Jean-Marc"]
[Result "1/2-1/2"]
[WhiteElo "2008"]
[BlackElo "1995"]
[PlyCount "34"]
[EventDate "2007.??.??"]

1. d4 e6 2. c4 b6 3. g3 Bb7 4. Nf3 Bxf3 5. exf3 Bd6 6. Bg2 c6 7. O-O Ne7 8. Nc3
O-O 9. f4 f5 10. Nb5 Nc8 11. b3 Be7 12. Ba3 Na6 13. Bxe7 Nxe7 14. Nc3 Rc8 15.
Qd2 d5 16. cxd5 cxd5 17. Rac1 Qd7 1/2-1/2

[Event "Ch. de Provence 2007"]
[Site "Meyreuil"]
[Date "2007.03.25"]
[Round "4"]
[White "Gravagna, Pierre"]
[Black "Jean, Claude"]
[Result "0-1"]
[WhiteElo "2054"]
[BlackElo "2201"]
[PlyCount "122"]
[EventDate "2007.??.??"]

1. d4 Nf6 2. Nf3 g6 3. c4 Bg7 4. Nc3 O-O 5. e4 d6 6. h3 c5 7. d5 e6 8. Bd3 exd5
9. exd5 Na6 10. O-O Nc7 11. a4 Nd7 12. Bf4 Ne5 13. Nxe5 dxe5 14. Be3 b6 15. f4
Ne8 16. Qd2 Nd6 17. fxe5 Bxe5 18. Bg5 f6 19. Bf4 Bf5 20. Bxe5 fxe5 21. Rae1
Bxd3 22. Qxd3 Rxf1+ 23. Rxf1 Qh4 24. b3 a6 25. g4 Re8 26. Kg2 e4 27. Qg3 Qxg3+
28. Kxg3 Kg7 29. Re1 g5 30. Re2 Kf6 31. h4 gxh4+ 32. Kf4 h3 33. Rh2 Kg6 34.
Rxh3 Rf8+ 35. Ke3 Rf1 36. g5 Kg7 37. Ke2 Rc1 38. Kd2 Rg1 39. Rh6 Rg2+ 40. Ke1
Nf7 41. Rxb6 Rxg5 42. Rxa6 Rg3 43. Ne2 Rf3 44. Re6 Ng5 45. Re7+ Kf6 46. d6 Rd3
47. Rc7 Rxd6 48. Rxc5 e3 49. Nc3 Rd4 50. Nd5+ Kg6 51. Nxe3 Rd3 52. Ng4 Rxb3 53.
Rc6+ Kf5 54. Nh6+ Ke4 55. Rc5 Nf3+ 56. Kd1 Kd3 57. Rb5 Ra3 58. Kc1 Kc3 59. Rb2
Ra1+ 60. Rb1 Rxa4 61. Ng4 Nd2 0-1

[Event "Ch. de Provence 2007"]
[Site "Meyreuil"]
[Date "2007.03.25"]
[Round "4"]
[White "Hulin, Jerome"]
[Black "Tonnaire, Christophe"]
[Result "1-0"]
[WhiteElo "2085"]
[BlackElo "2036"]
[PlyCount "122"]
[EventDate "2007.??.??"]

1. d4 e6 2. c4 c5 3. d5 Nf6 4. Nc3 exd5 5. cxd5 d6 6. Nf3 g6 7. e4 Bg7 8. Be2
O-O 9. Nd2 Re8 10. O-O Nbd7 11. Qc2 a6 12. a4 Qe7 13. Ra3 Ne5 14. h3 g5 15. Nf3
Nxf3+ 16. Bxf3 g4 17. hxg4 Bxg4 18. Bxg4 Nxg4 19. Bf4 Be5 20. Ne2 Bxf4 21. Nxf4
Qxe4 22. Qd2 Ne5 23. Nh5 Kh8 24. Nf6 Qh4 25. Nxe8 Rxe8 26. Rg3 Rg8 27. Rxg8+
Kxg8 28. Re1 Qg4 29. Qd1 Qh4 30. Re3 Kf8 31. Rh3 Qe4 32. b3 b5 33. axb5 axb5
34. Qd2 Ng4 35. Qd1 Qf4 36. Qe1 Qd4 37. Rh4 Qf4 38. Rxh7 Kg8 39. Rh4 c4 40.
bxc4 bxc4 41. Qe8+ Kg7 42. Qh8+ Kg6 43. Qh5+ Kf6 44. Rxg4 Qc1+ 45. Kh2 c3 46.
Qh8+ Kf5 47. Qc8+ Kf6 48. Rg3 c2 49. Rf3+ Ke5 50. Qf5+ Kd4 51. Rd3+ Kc5 52.
Qc8+ Kb4 53. Qc3+ Kb5 54. Qb3+ Ka5 55. Qc3+ Kb5 56. Qc6+ Kb4 57. Qxd6+ Kc4 58.
Qa6+ Kb4 59. Rd4+ Kb3 60. Qc4+ Kb2 61. Qb5+ Kc3 1-0

[Event "Ch. de Provence 2007"]
[Site "Meyreuil"]
[Date "2007.03.25"]
[Round "4"]
[White "Dimitrov, Christo"]
[Black "Fevat, Tristan"]
[Result "1-0"]
[WhiteElo "2259"]
[BlackElo "2086"]
[PlyCount "67"]
[EventDate "2007.??.??"]

1. Nf3 Nf6 2. c4 e6 3. g3 d5 4. b3 Be7 5. Bg2 O-O 6. O-O Nbd7 7. Bb2 c6 8. d4
b6 9. Qc2 Bb7 10. Nbd2 Rc8 11. e4 dxe4 12. Nxe4 c5 13. Nxf6+ Nxf6 14. dxc5 Be4
15. Qc3 Rxc5 16. Ne5 Bxg2 17. Kxg2 Ne4 18. Qe3 Qa8 19. f3 Nf6 20. b4 Rcc8 21.
b5 Bc5 22. Qe2 Rc7 23. Rfd1 Qb7 24. Rd3 a6 25. a4 axb5 26. axb5 Ra8 27. Rad1
Rcc8 28. Nc6 Ra2 29. R1d2 Ne8 30. Qe5 Bf8 31. Rd7 Qa8 32. Qf4 f6 33. Qg4 f5 34.
Qh5 1-0

[Event "Ch. de Provence 2007"]
[Site "Meyreuil"]
[Date "2007.03.25"]
[Round "5"]
[White "Deleau, Denis"]
[Black "Fevat, Tristan"]
[Result "1-0"]
[WhiteElo "2109"]
[BlackElo "2086"]
[PlyCount "73"]
[EventDate "2007.??.??"]

1. e4 c5 2. Nc3 e6 3. g3 Nc6 4. Bg2 g6 5. d3 Bg7 6. Be3 Nd4 7. Nce2 Ne7 8. c3
Nxe2 9. Nxe2 Qa5 10. O-O O-O 11. d4 d6 12. Qd2 Re8 13. Rfd1 b6 14. a4 c4 15. e5
d5 16. Bg5 Bd7 17. h4 Bxa4 18. Re1 b5 19. Bf6 Qc7 20. h5 Kf8 21. Bf3 Bxf6 22.
exf6 Ng8 23. hxg6 hxg6 24. Kg2 Qd8 25. Rh1 Qxf6 26. Rh7 Ke7 27. Nf4 Kd6 28. Re1
Ne7 29. Re5 Rh8 30. Rxf7 Qxf7 31. Qe2 Rhe8 32. Rxe6+ Kd7 33. Qe5 b4 34. Qd6+
Kc8 35. Qa6+ Kb8 36. Qxa4 Rf8 37. Qxb4+ 1-0

[Event "Ch. de Provence 2007"]
[Site "Meyreuil"]
[Date "2007.03.25"]
[Round "5"]
[White "Rosso, Marco"]
[Black "Tonnaire, Christophe"]
[Result "1/2-1/2"]
[WhiteElo "2008"]
[BlackElo "2036"]
[PlyCount "34"]
[EventDate "2007.??.??"]

1. d4 e6 2. c4 c5 3. d5 Nf6 4. Nc3 exd5 5. cxd5 d6 6. Nf3 g6 7. g3 Bg7 8. Bg2
O-O 9. O-O Re8 10. Bf4 Nh5 11. Bg5 Qa5 12. Qd2 a6 13. a4 Nd7 14. Bh6 Ne5 15.
Bxg7 Nxg7 16. e4 Nxf3+ 17. Bxf3 Bh3 1/2-1/2

[Event "Ch. de Provence 2007"]
[Site "Meyreuil"]
[Date "2007.03.25"]
[Round "5"]
[White "Milesi, Laurent"]
[Black "Chauvet, Jean-Marc"]
[Result "1-0"]
[WhiteElo "2087"]
[BlackElo "1995"]
[PlyCount "32"]
[EventDate "2007.??.??"]

1. e4 e6 2. d3 d5 3. Nd2 Nf6 4. Ngf3 c5 5. g3 Nc6 6. Bg2 Be7 7. O-O O-O 8. Re1
d4 9. e5 Nd5 10. h4 f6 11. exf6 gxf6 12. Ne4 e5 13. Bh6 Rf7 14. Nfd2 f5 15. Ng5
Rf6 16. Qh5 Rd6 1-0

[Event "Ch. de Provence 2007"]
[Site "Meyreuil"]
[Date "2007.03.25"]
[Round "5"]
[White "Gravagna, Pierre"]
[Black "Hulin, Jerome"]
[Result "1-0"]
[WhiteElo "2054"]
[BlackElo "2085"]
[PlyCount "92"]
[EventDate "2007.??.??"]

1. d4 Nf6 2. c4 g6 3. Nc3 d5 4. cxd5 Nxd5 5. e4 Nxc3 6. bxc3 c5 7. Bc4 Bg7 8.
Ne2 O-O 9. O-O Nc6 10. Be3 Bg4 11. f3 Na5 12. Bd3 cxd4 13. cxd4 Be6 14. d5 Bxa1
15. Qxa1 f6 16. Qb1 Bf7 17. Bh6 Re8 18. Bb5 Qb6+ 19. Kh1 Rec8 20. Qd3 a6 21.
Bd7 Rc7 22. Bh3 Qb5 23. Qd1 Nc4 24. Nd4 Qb4 25. Ne6 Bxe6 26. Bxe6+ Kh8 27. g4
g5 28. Bxg5 Nb2 29. Qd2 Qxd2 30. Bxd2 Nd3 31. Be3 b5 32. g5 Rc2 33. gxf6 exf6
34. Bd4 Rf8 35. Bf5 Nf4 36. d6 Ne2 37. Ba1 Rc1 38. Rxc1 Nxc1 39. d7 Kg7 40. e5
fxe5 41. Bxe5+ Kf7 42. Bf4 Ne2 43. Bg5 Nd4 44. Be4 Ne6 45. Bd5 Kg6 46. Be7 Kf7
1-0

[Event "Ch. de Provence 2007"]
[Site "Meyreuil"]
[Date "2007.03.25"]
[Round "5"]
[White "Dimitrov, Christo"]
[Black "Jean, Claude"]
[Result "1/2-1/2"]
[WhiteElo "2259"]
[BlackElo "2201"]
[PlyCount "33"]
[EventDate "2007.??.??"]

1. Nf3 {[%emt 0:00:00]} d5 {[%emt 0:00:00]} 2. d4 c6 3. c4 Nf6 4. cxd5 cxd5 5.
Nc3 Nc6 6. Bf4 a6 7. Rc1 Nh5 8. Bd2 e6 9. e3 Nf6 10. Bd3 Be7 11. O-O O-O 12.
Ne5 Nxe5 13. dxe5 Nd7 14. f4 f5 15. exf6 Nxf6 16. Ne2 Qb6 17. Rc2 1/2-1/2

[Event "Ch. de Provence 2007"]
[Site "Meyreuil"]
[Date "2007.04.14"]
[Round "6"]
[White "Tonnaire, Christophe"]
[Black "Gravagna, Pierre"]
[Result "0-1"]
[WhiteElo "2036"]
[BlackElo "2054"]
[PlyCount "32"]
[EventDate "2007.??.??"]

1. e4 c5 2. Nf3 e6 3. d4 cxd4 4. Nxd4 a6 5. Nc3 Qc7 6. Bd3 Bc5 7. Nb3 Be7 8. a4
b6 9. O-O Nf6 10. f4 d6 11. e5 Nfd7 12. exd6 Bxd6 13. Ne4 Be7 14. Qg4 g6 15.
Ng5 Nf6 16. Bd2 Nxg4 0-1

[Event "Ch. de Provence 2007"]
[Site "Meyreuil"]
[Date "2007.04.14"]
[Round "6"]
[White "Fevat, Tristan"]
[Black "Milesi, Laurent"]
[Result "1/2-1/2"]
[WhiteElo "2086"]
[BlackElo "2087"]
[PlyCount "86"]
[EventDate "2007.??.??"]

1. e4 b6 2. Nc3 Bb7 3. d4 e6 4. a3 Nf6 5. Bd3 d5 6. e5 Nfd7 7. Nce2 c5 8. c3
Nc6 9. f4 Be7 10. Nf3 Qc7 11. O-O O-O-O 12. f5 Nf8 13. Ng5 Bxg5 14. Bxg5 Re8
15. Rf2 c4 16. Bc2 exf5 17. Bxf5+ Ne6 18. Qf1 Ncd8 19. Bh3 Kb8 20. Bd2 Bc8 21.
g3 h6 22. Bg2 Bb7 23. g4 Ng5 24. Be3 Qd7 25. h3 Nde6 26. Ng3 g6 27. h4 Ne4 28.
Nxe4 dxe4 29. Rxf7 Qd8 30. Qf6 g5 31. h5 Qd5 32. Rf1 Qb5 33. Re7 Bd5 34. Rf2
Ref8 35. Qg6 Rxf2 36. Bxf2 Rf8 37. Rf7 Rxf7 38. Qxf7 Qxb2 39. Qe8+ Kc7 40. Qe7+
Kc8 41. Qe8+ Kc7 42. Qe7+ Kc8 43. Qe8+ Kc7 1/2-1/2